Dejiny ekonomických teórií

Vo vydavateľstve ELITA vyšla v apríli 1996 knižná publikácia Dejiny ekonomických teórií od kolektívu autorov z EU Bratislava - J. Lisého, J. Petričovej, A. Čaplánovej, S. Búrovej. Knižnú publikáciu je možné odporúčať ako učebnicu dejín ekonomických teórií. Obsahom knihy sú ekonomické teórie od ich v...

ver descrição completa

Na minha lista:
Detalhes bibliográficos
Autor principal: Masárová, Helena
Outros Autores: Lisý, Ján
Formato: Capítulo de Livro
Idioma:eslovaco
Assuntos:
Tags: Adicionar Tag
Sem tags, seja o primeiro a adicionar uma tag!

MARC

LEADER 00000naa a2200000 4500
001 r021390
005 20230918074213.1
041 0 |a slo 
044 |a SK 
245 1 0 |a Dejiny ekonomických teórií  |c Helena Masárová, Ján Lisý 
520 |a Vo vydavateľstve ELITA vyšla v apríli 1996 knižná publikácia Dejiny ekonomických teórií od kolektívu autorov z EU Bratislava - J. Lisého, J. Petričovej, A. Čaplánovej, S. Búrovej. Knižnú publikáciu je možné odporúčať ako učebnicu dejín ekonomických teórií. Obsahom knihy sú ekonomické teórie od ich vzniku až po súčasnosť. 
610 2 0 |a recenzie 
610 2 0 |a dejiny teórií ekonomických 
610 2 0 |a Lisý, J. 
610 2 0 |a Petričová, J. 
610 2 0 |a Čaplánová, A. 
610 2 0 |a Búrová, S. 
100 1 |a Masárová, Helena 
700 1 |a Lisý, Ján